000 00250nam a22001097a 4500
999 _c260984
_d260983
020 _a059088025-x
100 _aSusan Clymer
245 _aThere's a Tarantula in my homework
260 _aNew York
_bScholastic
_c1996
300 _a91 pgs
942 _cBK